Normal view
MARC view
Entry Topical Term
001 - CONTROL NUMBER
- control field: 13012
003 - CONTROL NUMBER IDENTIFIER
- control field: PK-LaUMT
005 - DATE AND TIME OF LATEST TRANSACTION
- control field: 20260617152240.0
008 - FIXED-LENGTH DATA ELEMENTS
- fixed length control field: 260617|| aca||aabn | a|a d
040 ## - CATALOGING SOURCE
- Original cataloging agency: PK-LaUMT
- Transcribing agency: PK-LaUMT
150 ## - HEADING--TOPICAL TERM
- Topical term or geographic name as entry element: College administrators
- General subdivision: Professional relationships
670 ## - SOURCE DATA FOUND
- Source citation: Work cat.: (PK-LaUMT)103909: Komives, Susan R. 13010, Leadership for a better world :, 2009
